000 01163cam a2200325 i 4500
001 69808
003 Mx-PuUPA
005 20230530095721.0
008 220711s2019 mx a|||gr|||| 001 0 spa d
020 _a9786075501123
040 _aMx-PuUPA
_bspa
_cMx-PuUPA
_dMx-PuUPA
_erda
041 0 _aspa
100 1 _aVázquez Conde, Rosalino,
_eautor
_912962
245 1 0 _aEcología y medio ambiente /
_cRosalino Vázquez Conde
250 _aCuarta edición
264 1 _aCiudad de México :
_bGrupo Editorial Patria,
_c2019
300 _aix, 126 páginas :
_bilustraciones ;
_c27 cm
336 _2rdacontent
_atexto
_btxt
337 _2rdamedia
_asin medio
_bn
338 _2rdacarrier
_avolumen
_bnc
490 0 _aIntegral por competencias. DGB
650 7 _2armarc
_aEcología
650 7 _2armarc
_aEcología
_xEstudio y enseñanza
650 7 _2armarc
_aCiencias medio ambientales
942 _2ddc
_cLI
_h577
_iV393
999 _c69808
_d69808